000
00330 a2200157 4500
001
187970
020
_a
0-582-40210-7
040
_c
Magnum
100
_a
Kerr, J Y K
240
1
0
_a
Ring of bright water
_l
ING
245
1
0
_a
Ring of bright water
300
_a
41
362
0
_a
1998
697
_a
LITERATURA INGLESA
942
_c
BK
999
_c
187970
_d
187970